Vzdelávanie: Zlepšenie prepojenia školy a praxe
Možnosť štúdia zasielateľstva a logistiky na Žilinskej univerzite. Chýbajúce povedomie najmä rodičov ako aj absolventov stredných škôl o možnostiach širokého uplatnenia v praxi. Vzdelávanie v odbore logistiky na Vysokej škole logistiky v Přerove. Duálne vzdelávanie na stredných školách.
Saved in:
| Main Author: | |
|---|---|
| Format: | Book Chapter |
| Language: | Slovak |
| Subjects: | |
| Tags: |
No Tags, Be the first to tag this record!
|
MARC
| LEADER | 00000naa a2200000 4500 | ||
|---|---|---|---|
| 001 | 0234709 | ||
| 005 | 20170731100811.1 | ||
| 041 | 0 | |a slo | |
| 044 | |a CZ | ||
| 245 | 1 | 0 | |a Vzdelávanie: Zlepšenie prepojenia školy a praxe |c Jozef Brezovský |
| 520 | |a Možnosť štúdia zasielateľstva a logistiky na Žilinskej univerzite. Chýbajúce povedomie najmä rodičov ako aj absolventov stredných škôl o možnostiach širokého uplatnenia v praxi. Vzdelávanie v odbore logistiky na Vysokej škole logistiky v Přerove. Duálne vzdelávanie na stredných školách. | ||
| 610 | 2 | 0 | |a vzdelávanie vysokoškolské |
| 610 | 2 | 0 | |a vzdelávanie duálne |
| 610 | 2 | 0 | |a logistika |
| 610 | 2 | 0 | |a školy vysoké |
| 610 | 2 | 0 | |a školy stredné odborné |
| 100 | 1 | |a Brezovský, Jozef | |